Síntesis socioeconómica de las provincias argentinas /
Se realiza una breve reseña informativa de las provincias argentinas, sobre los aspectos más representativos de la realidad de estas. Organización institucional, estructura demográfica, agricultura, ganadería, silvicultura, pesca, minería, actividad industrial, exportaciones, servicios financieros,...
Guardado en:
| Autor Corporativo: | |
|---|---|
| Formato: | Libro |
| Idioma: | Spanish |
| Publicado: |
Buenos Aires :
CFI,
1996.
|
| Acceso en línea: | Acceso a texto completo |
| Etiquetas: |
Agregar Etiqueta
Sin Etiquetas, Sea el primero en etiquetar este registro!
|
| LEADER | 01212nam a22002055a 4500 | ||
|---|---|---|---|
| 001 | EEA.libagro005507 | ||
| 008 | 130809s1996####ag#a##########000#0#spa#d | ||
| 005 | 20201012163126.0 | ||
| 245 | 1 | 0 | |a Síntesis socioeconómica de las provincias argentinas / |c Consejo Federal de Inversiones. |
| 260 | |a Buenos Aires : |b CFI, |c 1996. | ||
| 300 | |a 401 p. : |b il. ; |c 20 cm. | ||
| 520 | |a Se realiza una breve reseña informativa de las provincias argentinas, sobre los aspectos más representativos de la realidad de estas. Organización institucional, estructura demográfica, agricultura, ganadería, silvicultura, pesca, minería, actividad industrial, exportaciones, servicios financieros, transporte, medios de comunicación, energía, salud, educación y turismos. Los datos corresponden al primer semestre de 1994. | ||
| 530 | |a Disponible también en línea. | ||
| 020 | |a 9509899895 | ||
| 710 | 2 | |a Consejo Federal de Inversiones (Argentina) | |
| 246 | 1 | |a Social and economic synthesis of the Argentine provinces | |
| 082 | 0 | 4 | |a 330.982 |
| 082 | 0 | 4 | |a 318.2 |
| 856 | 4 | 1 | |3 Acceso a texto completo |u http://biblioteca.cfi.org.ar/wp-content/uploads/sites/2/1994/01/39246.pdf |
| 859 | |a AR-BbBCA |b BIB. AGRONOMIA |h 330.982 |i A691 |p 1997/2821 | ||
